000 00242nam a2200109Ia 4500
008 190216s9999||||xx |||||||||||||| ||und||
100 _aPushpa Raghu
245 0 _aHindi-Ek Thi Darthi
260 _bAapuram Pub
650 _aHindi
942 _cBK
999 _c15560
_d15560